<?xml version="1.0" encoding="UTF-8"?>
<record
    xmlns:xsi="http://www.w3.org/2001/XMLSchema-instance"
    xsi:schemaLocation="http://www.loc.gov/MARC21/slim http://www.loc.gov/standards/marcxml/schema/MARC21slim.xsd"
    xmlns="http://www.loc.gov/MARC21/slim">

  <leader>01285nam a2200169Ia 4500</leader>
  <controlfield tag="008">240426s9999    xx            000 0 und d</controlfield>
  <datafield tag="020" ind1=" " ind2=" ">
    <subfield code="a">97808308186860830818685</subfield>
  </datafield>
  <datafield tag="041" ind1=" " ind2=" ">
    <subfield code="a">eng</subfield>
  </datafield>
  <datafield tag="050" ind1=" " ind2=" ">
    <subfield code="a">BS2545.C5 </subfield>
    <subfield code="b">.G55 1995</subfield>
  </datafield>
  <datafield tag="100" ind1=" " ind2=" ">
    <subfield code="a">Giles, Kevin </subfield>
  </datafield>
  <datafield tag="245" ind1=" " ind2="0">
    <subfield code="a">What on Earth is the Church? : </subfield>
    <subfield code="b">An Exploration in New Testament Theology /</subfield>
    <subfield code="c">Kevin Giles</subfield>
  </datafield>
  <datafield tag="260" ind1=" " ind2=" ">
    <subfield code="a">Downers Grove, Ill. : </subfield>
    <subfield code="b">InterVarsity Press, </subfield>
    <subfield code="c">1995</subfield>
  </datafield>
  <datafield tag="300" ind1=" " ind2=" ">
    <subfield code="a">x, 310 p. </subfield>
    <subfield code="b">; </subfield>
    <subfield code="c">22 cm.</subfield>
  </datafield>
  <datafield tag="505" ind1=" " ind2=" ">
    <subfield code="a">1. Opening the Door: What on Earth Is the Church? The word ekklesia -- a brief comment -- 2. Jesus and the Founding of the Church -- 3. Matthew, Mark, Luke, and John -- 4. The Church in the Book of Acts -- 5. The Church in Paul's Earliest Epistles -- 6. The Church in the Middle and Later Paulines -- 7. The Church in the Non-Pauline Epistles and the Book of Revelation -- 8. Drawing the Threads Together and the Invisible-Visible Church -- 9. The Denomination as Church -- 10. Deficiencies in Past Ecclesiology and the Promise of Trinitarian Ecclesiology -- Excursus 1 The Meaning of the Word Ekklesia: Old Testament and Intertestamental Background -- Excursus 2 Translating the Greek Word Ekklesia.</subfield>
  </datafield>
  <datafield tag="650" ind1=" " ind2=" ">
    <subfield code="a">Bible.&#x2014;New Testament&#x2014;Theology.Church&#x2014;Biblical teaching.Bible.&#x2014;N.T.&#x2014;Theology.</subfield>
  </datafield>
  <datafield tag="952" ind1=" " ind2=" ">
    <subfield code="0">0</subfield>
    <subfield code="1">0</subfield>
    <subfield code="4">0</subfield>
    <subfield code="7">0</subfield>
    <subfield code="a">GETS</subfield>
    <subfield code="b">GETS</subfield>
    <subfield code="c"> GEN</subfield>
    <subfield code="d">2024-04-26</subfield>
    <subfield code="l">0</subfield>
    <subfield code="o">BS2545.C5 .G55 1995</subfield>
    <subfield code="p">00033576</subfield>
    <subfield code="r">2024-04-26 16:26:42</subfield>
    <subfield code="w">2024-04-26</subfield>
    <subfield code="y">BK</subfield>
  </datafield>
  <datafield tag="999" ind1=" " ind2=" ">
    <subfield code="c">52704</subfield>
    <subfield code="d">52704</subfield>
  </datafield>
</record>
